<?xml version="1.0" encoding="UTF-8"?><?xml-stylesheet type="text/xsl" href="static/style.xsl"?><OAI-PMH xmlns="http://www.openarchives.org/OAI/2.0/" xmlns:xsi="http://www.w3.org/2001/XMLSchema-instance" xsi:schemaLocation="http://www.openarchives.org/OAI/2.0/ http://www.openarchives.org/OAI/2.0/OAI-PMH.xsd"><responseDate>2026-06-07T05:25:50Z</responseDate><request verb="GetRecord" identifier="oai:riuma.uma.es:10630/46437" metadataPrefix="marc">https://riuma.uma.es/rest/oai/request</request><GetRecord><record><header><identifier>oai:riuma.uma.es:10630/46437</identifier><datestamp>2026-04-22T09:04:48Z</datestamp><setSpec>com_10630_46181</setSpec><setSpec>com_10630_3139</setSpec><setSpec>com_10630_10</setSpec><setSpec>col_10630_46182</setSpec></header><metadata><record xmlns="http://www.loc.gov/MARC21/slim" xmlns:dcterms="http://purl.org/dc/terms/" xmlns:doc="http://www.lyncode.com/xoai" xmlns:xsi="http://www.w3.org/2001/XMLSchema-instance" xsi:schemaLocation="http://www.loc.gov/MARC21/slim http://www.loc.gov/standards/marcxml/schema/MARC21slim.xsd">
   <leader>00925njm 22002777a 4500</leader>
   <datafield ind2=" " ind1=" " tag="042">
      <subfield code="a">dc</subfield>
   </datafield>
   <datafield ind2=" " ind1=" " tag="720">
      <subfield code="a">Pinto-Sosa, Jesús Enrique</subfield>
      <subfield code="e">author</subfield>
   </datafield>
   <datafield ind2=" " ind1=" " tag="260">
      <subfield code="c">2025-07-29</subfield>
   </datafield>
   <datafield ind2=" " ind1=" " tag="520">
      <subfield code="a">Este artículo analiza el significado del desarrollo profesional docente, así como sus principales características, en el contexto de educación superior y desde el ámbito de la formación continua o permanente del profesorado. Se reconoce la prevalencia de un paradigma hegemónico de la manera como se conceptúa y lleva a cabo el desarrollo profesional docente en las instituciones, lo que conlleva a la necesidad de transitar hacia un paradigma de transformación, cuyos rasgos distintivos sean: centrado en el docente como persona, acompañamiento a largo plazo, desde una perspectiva personalizada y crítica de transformación social, con base en las fases de la vida docente, de carácter integral, continuo, inclusivo y de justicia social, entre otros.</subfield>
   </datafield>
   <datafield ind1="8" ind2=" " tag="024">
      <subfield code="a">Pinto-Sosa, J.E. (2025). El desarrollo profesional docente en Educación Superior: qué es y principales características. Contrapuntos en Educación. Revista del Instituto Universitario de Investigación en formación de profesionales de la educación, 1(1), 37-49</subfield>
   </datafield>
   <datafield ind1="8" ind2=" " tag="024">
      <subfield code="a">https://hdl.handle.net/10630/46437</subfield>
   </datafield>
   <datafield ind1="8" ind2=" " tag="024">
      <subfield code="a">10.24310/cpe.1.1.2025.22269</subfield>
   </datafield>
   <datafield tag="653" ind2=" " ind1=" ">
      <subfield code="a">Profesores de enseñanza superior - Formación profesional</subfield>
   </datafield>
   <datafield ind2="0" ind1="0" tag="245">
      <subfield code="a">El desarrollo profesional docente en Educación Superior: qué es y principales características.</subfield>
   </datafield>
</record>
</metadata></record></GetRecord></OAI-PMH>